Research with children theory & practice

Kaydedildi:
Detaylı Bibliyografya
Yazar: O’REILLY, Michelle Ronzoni, Pablo Dogra, Nisha
Materyal Türü: Kitap
Dil:İngilizce
Baskı/Yayın Bilgisi: SAGE 2013
Etiketler: Etiketle
Etiket eklenmemiş, İlk siz ekleyin!

MARC

LEADER 00000nam a22000007a 4500
008 210119b ||||| |||| 00| 0 eng d
020 |a 978-1-4462-0849-6 
100 |a O’REILLY, Michelle  |a Ronzoni, Pablo  |a Dogra, Nisha 
245 |a Research with children  |b theory & practice  |c Michelle O’Reilly, Pablo Ronzoni, Nisha Dogra  |g xiii, 295p.: ill 
260 |b SAGE  |c 2013  |h Los Angeles  |i 692222   |i 692223  |l HQ767.85 .Or3  |m Children – Research – Methodology  |m Children – Research – Moral and ethical aspects 
500 |a “It includes references and index 
942 |a lcc  |c BK  |e O.A.JOHNSON  |f 19/01/21 
952 |0 0  |1 0  |2 lcc  |4 0  |6 HQ076785 O R3  |7 0  |9 1243  |a SSL  |b HOL  |c GJ  |d 2021-01-19  |l 0  |o HQ767.85 .Or3  |p 2021-0059  |r 2021-01-19 00:00:00  |w 2021-01-19  |y BK 
952 |0 0  |1 0  |2 lcc  |4 0  |6 HQ076785 O R3  |7 0  |9 1244  |a HOL  |b HOL  |c GJ  |d 2021-01-19  |l 0  |o HQ767.85 .Or3  |p 2021-0060  |r 2021-01-19 00:00:00  |w 2021-01-19  |y BK 
999 |c 647  |d 647